000 00413nam a2200157Ia 4500
005 20250411043405.0
008 240331s9999 xx 000 0 und d
020 _a9555910243
082 _bNIH
_a891
100 _aNihalnanda,K.P
245 0 _aAmathita pem kala gehaniya
260 _aNawala
_bKurulu poth
_c1991
300 _a75 p .,
500 _aStory of a women who fallen love with the minister
942 _cL
999 _c4867
_d4867